| 000 | 00815nam a2200253Ia 4500 | ||
|---|---|---|---|
| 003 | OSt | ||
| 005 | 20221005104200.0 | ||
| 006 | a|||||r|||| 00| 0 | ||
| 007 | ta | ||
| 008 | 221004b |||||||| |||| 00| 0 hin d | ||
| 024 | _a32248 | ||
| 037 | _cTextual | ||
| 040 |
_aCRL _cCRL _bhin |
||
| 041 |
_2hin _ahin |
||
| 082 | _aO152:gxN15,3, K6 | ||
| 100 | _aनगेन्द्र | ||
| 245 | 0 | _aविचार और विश्लेषण | |
| 246 | _aVichār aur vishleṣhaṇa | ||
| 260 |
_aदिल्ली _bनेशनल पब्लिशिंग हाउस भारत _c1966 |
||
| 300 |
_a186पृ. _ccm. |
||
| 650 | _aहिन्दी साहित्य | ||
| 942 |
_hO152:gxN15,3, K6 _cTEXL _2cc |
||
| 999 |
_c1011965 _d1011965 |
||